IFM Opac

Regional development (Record no. 20172)

MARC details
000 -LEADER
fixed length control field 00251nam a22001097a 4500
100 ## - MAIN ENTRY--PERSONAL NAME
Personal name Lefeber,louis
245 ## - TITLE STATEMENT
Title Regional development
260 ## - PUBLICATION, DISTRIBUTION, ETC.
Place of publication, distribution, etc. paris
Name of publisher, distributor, etc. mouton
Date of publication, distribution, etc. 1971
300 ## - PHYSICAL DESCRIPTION
Extent xiii,278pg
Other physical details 20cm.
500 ## - GENERAL NOTE
General note including, bibliography
942 ## - ADDED ENTRY ELEMENTS (KOHA)
Koha item type Books
Holdings
Withdrawn status Lost status Damaged status Not for loan Home library Current library Shelving location Date acquired Total Checkouts Date last seen Price effective from Koha item type
        IFM Main Campus Library IFM Main Campus Library Stack Collection 09/04/2018   09/04/2018 09/04/2018 Books